000 00216 a2200097 4500
020 _a9588180066
041 _aspa
100 _aLauro Alonso Aldana Felix
245 _aBiblioteca Ibalpe para el Estudiante
942 _cBK
999 _c16027
_d16027